Chanteurs par description. - Statistiques

Statistiques générales
  • Ce quiz a été pris 110 fois
  • Le résultat moyen est 12 sur 15
Statistiques - réponses
Descriptions Chanteurs % Correct
Je suis l'ovni marseillais. Recordman des ventes de l'histoire du rap français, je me distingue par une productivité effrayante et une proximité totale avec ma "team". Le signe avec les mains caractérisant mon nom est connu par tout le monde, je suis... Jul
93%
"Slim Shady". Je suis un génie technique du rap. Ma vitesse de débit unique, mes rimes complexes et mon humour provocateur ont brisé les codes et fait de moi l'un des plus gros vendeurs de disques de l'histoire. Auteur de "Lose Yourself" et "Mockinbird", je suis... Eminem
92%
J'incarne la voix technique par excellence. Capable de performances vocales athlétiques, j'ai conquis le monde entier grâce à ma puissance et mon charisme, tout en restant une figure de résilience pour son public. Ayant notamment chanté pour le film "Titanic", je suis... Céline Dion
91%
Je suis la "Bad Gal Riri". Passée du statut de princesse du R&B à celui d'icône mondiale du style et des affaires. Ma voix suave et mes choix artistiques audacieux ont dominé les radios pendant plus d'une décennie. "Diamonds" "Stay" font partie de mon répertoire, je suis... Rihanna
90%
Mon surnom est "La Môme". J'étais la voix de la France. Malgré ma petite taille, je possédais une puissance émotionnelle phénoménale. mes chansons racontaient ma vie tragique et ont fait le tour du monde, notamment l'hommage adressé à Marcel Cerdan dans "Hymne à l'amour". Je suis... Edith Piaf
89%
A désormais 40 ans, je continue de performer dans la chanson. Je suis un ancien membre de la Section d'Assaut, je suis par la suite devenu le roi de la pop urbaine. Ma capacité à alterner entre rap pur et envolées lyriques surpuissantes m'a permis de toucher tous les publics. Je suis... Gims
89%
J'ai été la personnalité préférée des Français pendant des années. Maître de la variété "efficace", j'ai écrit pour moi et pour les plus grands chanteurs. J'incarne une certaine humilité et une maîtrise absolue de la chanson avec "Comme toi" ou "Envole Moi". Je suis... Jean-Jacques Goldman
87%
Si les Etats-Unis avaient Elvis Presley, la France m'avait. J'étais surnommé "L'Idole des jeunes". Pendant 50 ans, j'ai été le visage du rock en France, capable de remplir des stades et de me réinventer à chaque décennie. Une bête de scène à la voix rocailleuse unique. Je suis... Johnny Hallyday
87%
Je suis en quelque sorte le chanteur des grandes fresques populaires et des polémiques. Ma voix puissante a porté des titres devenus des hymnes de karaoké et de fin de soirée (Les Lacs du Connemara) et j'ai chanté beaucoup de chansons engagées qui ont souvent divisé l'opinion. Je suis... Michel Sardou
86%
Je suis l'enfant prodige d'Internet devenu superstar avec "Baby". J'ai traversé toutes les étapes, de la pop adolescente au R&B plus mature, prouvant une longévité rare dans un milieu qui consomme les talents très vite. Je suis... Justin Bieber
84%
Je suis le leader et l'âme rebelle et idéaliste des Beatles. J'ai redéfini la pop musique avant de devenir une icône de la paix avec "Imagine". Un génie de la mélodie avec des textes à la fois simples et profonds. Assassiné en 1980, je suis... John Lennon
83%
J'incarne la virtuosité au piano. J'ai ramené une soul authentique et sophistiquée dans les années 2000. Je suis une artiste complète, mêlant technique classique et grooves modernes. Auteure de "Fallin" "Girl on Fire", je suis... Alicia Keys
68%
J'ai une carrière monumentale de plus de 60 ans. Un conteur hors pair avec plus de 1 200 chansons à mon actif. J'ai su chanter la mélancolie, l'amour et le temps qui passe avec une élégance qui a séduit jusqu'à Broadway. D'origine arménienne, je suis... Charles Aznavour
68%
Je suis la reine de la narration. J'ai bâti un véritable empire en écrivant sur mes propres expériences, créant un lien unique avec mes fans. Je suis aujourd'hui l'une des artistes les plus puissantes de l'industrie. Grande blonde, je suis.. Taylor Swift
55%
Je suis l'une des plus premières stars du rap. Le poète du bitume. Figure tragique du rap des années 90, j'arrivais à allier des textes politiques et sociaux à une aura de "gangsta" charismatique. Ma philosophie et mon influence marquent encore tout le hip-hop actuel. Je suis... Tupac
37%
Aucun quiz correspondant
Distribution des résultats
% des personnes avec chaque résultat
Percentile par nombre de réponses
Votre historique - résultats
Vous n’avez pas pris ce quiz